000 01939cam a2200241 4500500
005 20251228051234.0
041 _afre
042 _adc
100 1 0 _aCloës, Claude
_eauthor
245 0 0 _aFonction de la répétition dans la clinique des addictions
260 _c2017.
500 _a65
520 _aCet article aborde la fonction de la répétition à l’œuvre dans la clinique des addictions telle qu’elle peut se saisir au sein de l’institution psychiatrique. Après avoir dégagé les enjeux inconscients des addictions, l’auteur explore la question de la temporalité particulière inhérente à la conduite addictive qui inscrit le sujet addict dans un temps suspendu semblable à un présent sans fin et envisage des possibilités qui s’offrent à une équipe pour une reprise du processus. Le fait d’envisager un « au-delà de la répétition » constituerait une voie possible dans la thérapeutique des addictions, souvent difficiles à prendre en charge en institution.
520 _aThis article discusses the role of repetition at work within the addiction clinic as it may appear within psychiatric institutions. After having presented the unconscious issues at stake within addictive behaviours, the author explores the specificity of the addiction temporality that places the addict in a suspended timespan similar to an endless present and contemplates the possibilities for a process renewal. Considering a “beyond repetition” could offer a possible therapeutic way to addictions, which are often hard to treat in institutions.
690 _aaddiction
690 _aInstitution psychiatrique
690 _arépétition
690 _aaddiction
690 _aPsychiatric institution
690 _arepetition
786 0 _nCliniques | 13 | 1 | 2017-05-23 | p. 158-169 | 2115-8177
856 4 1 _uhttps://shs.cairn.info/revue-cliniques-2017-1-page-158?lang=fr&redirect-ssocas=7080
999 _c1581492
_d1581492